000 00743nam a2200229 a 4500
001 80226
003 BD-RjUL
005 20220823123820.0
008 220823s2020 bg ||||| |||| 00| 0 ben d
020 _a97898493373
035 _a(BD-RjUL)80226
040 _aBD-RjUL
_beng
_cBD-RjUL
041 _aben
082 _223
_a891.441
_bISB 2020
100 _aইসলাম, আমিনুল
_94467
245 _aবিচিত্র দৃষ্টি /
_cআমিনুল ইসলাম
260 _aঢাকা :
_bসুচয়নী পাবলিশার্স,
_c২০২০
300 _a৪৮ পৃ.;
_c২১ সেমি.
650 _aবাংলা কবিতা
650 _aBengali poetry
942 _2ddc
_cBK
999 _c80226
_d80226